00485nam a22001817a 450000500170000001000120001702000260002903700190005508200100007410000280008424500450011225000060015726000340016327000430019730000200024094200240026099900190028420260302152213.0 aBACEN26 c249.00a9789362149572 bPrakash Books  a181.4 aKrishnamurti, J.988030 aThe Only Revolution/cby J. Krishnamurti a1 aNew DelhibFingerprint c2025 a113/A, Darya Ganj, bNew Delhie110002 a230p.c20cm(pb) 2ddccENh181.4mKRI c215137d215137